| 000 | 00881nam a22002057a 4500 | ||
|---|---|---|---|
| 999 |
_c9557 _d9557 |
||
| 003 | AR-CdUCM | ||
| 008 | 190328b ||||| |||| 00| 0 spa d | ||
| 040 |
_aMUNICIPALIDAD PROVINCIAL DEL CUSCO _cBIBLIOTECA MUNICIPAL DEL CUSCO |
||
| 082 |
_22ed. _a373.41 / _bF42 / 1952 |
||
| 100 |
_aFernandez, Justo _925831 |
||
| 245 |
_aLecturas básicas : _bcomposiciones selectas y graduadas para la práctica de lenguaje y literatura de los alumnos de educación de secundaria / |
||
| 260 |
_aLima : _bHuacaran, _c1952. |
||
| 300 |
_a216 páginas ; _c21 cm. |
||
| 505 | _aContenido : Narraciones -- Biografía -- Anecdotas -- Descripciones -- Máximas y pensamientos -- Fábulas -- Epistolas -- Disertaciones -- Poesías -- Vocabulario. | ||
| 650 |
_aTexto educativo _925832 |
||
| 650 |
_aLecturas _96094 |
||
| 650 |
_aEducación de secundaria _925833 |
||
| 942 |
_2ddc _cLIBROS |
||
| 945 | _azta | ||